|
|
|
|
| LEADER |
00000nam0a2200000 4500 |
| 001 |
193986 |
| 005 |
20231101224528.0 |
| 035 |
|
|
|a (RuTPU)RU\TPU\book\211541
|
| 090 |
|
|
|a 193986
|
| 100 |
|
|
|a 20110331d1969 m y0rusy50 ca
|
| 101 |
0 |
|
|a rus
|
| 102 |
|
|
|a RU
|
| 105 |
|
|
|a a z 001zy
|
| 200 |
1 |
|
|a Ионно-атомные радиусы и их значение для геохимии и химии
|f В. И. Лебедев
|g Ленинградский государственный университет (ЛГУ)
|
| 210 |
|
|
|a Ленинград
|c Изд-во Ленинградского ун-та
|d 1969
|
| 215 |
|
|
|a 156 с.
|c ил.
|
| 320 |
|
|
|a Библиогр.: с. 152-155.
|
| 606 |
1 |
|
|a Атомные радиусы
|x (кристаллохимия)
|2 stltpush
|3 (RuTPU)RU\TPU\subj\29725
|9 52996
|
| 606 |
1 |
|
|a Ионные радиусы
|2 stltpush
|3 (RuTPU)RU\TPU\subj\13090
|9 39764
|
| 610 |
1 |
|
|a кристаллические структуры
|
| 610 |
1 |
|
|a атомы
|
| 610 |
1 |
|
|a ионы
|
| 610 |
1 |
|
|a размеры
|
| 610 |
1 |
|
|a рентгеноструктурные исследования
|
| 610 |
1 |
|
|a ионные радиусы
|
| 610 |
1 |
|
|a системы
|
| 610 |
1 |
|
|a усовершенствование
|
| 610 |
1 |
|
|a использование
|
| 610 |
1 |
|
|a квантомеханические расчеты
|
| 610 |
1 |
|
|a атомные радиусы
|
| 610 |
1 |
|
|a орбитальные радиусы
|
| 610 |
1 |
|
|a ионно-молекулярные радиусы
|
| 610 |
1 |
|
|a щелочные металлы
|
| 610 |
1 |
|
|a гидраты
|
| 610 |
1 |
|
|a галоидоводороды
|
| 610 |
1 |
|
|a межатомные расстояния
|
| 675 |
|
|
|a 548.31
|v 3
|
| 700 |
|
1 |
|a Лебедев
|b В. И.
|g Василий Ильич
|
| 712 |
0 |
2 |
|a Ленинградский государственный университет (ЛГУ)
|c (1924-1991)
|2 stltpush
|3 (RuTPU)RU\TPU\col\77
|
| 801 |
|
1 |
|a RU
|b 63413507
|c 20110331
|
| 801 |
|
2 |
|a RU
|b 63413507
|c 20200817
|g RCR
|
| 942 |
|
|
|c BK
|